| Tag |
First Indicator |
Second Indicator |
Subfields |
| LEADER |
00000cam a2200000 a 4500 |
| 001 |
in00000035049 |
| 005 |
20151007055249.0 |
| 008 |
870924s1987 njuafg b 00110beng |
| 010 |
|
|
|a 87028357
|
| 020 |
|
|
|a 0810820846
|
| 035 |
|
|
|a (OCoLC)16831068
|
| 035 |
|
|
|9 AAB7730AM
|
| 040 |
|
|
|a DLC
|c DLC
|d TXA
|d UtOrBLW
|
| 049 |
|
|
|a TXAM
|c [A11089810]
|
| 050 |
0 |
0 |
|a ML410.W2958
|b B7 1987
|
| 082 |
0 |
|
|a 780/.92/4
|a B
|2 19
|
| 100 |
1 |
|
|a Bortin, Virginia.
|
| 245 |
1 |
0 |
|a Elinor Remick Warren :
|b her life and her music /
|c by Virginia Bortin.
|
| 264 |
|
1 |
|a Metuchen, N.J. :
|b Scarecrow Press,
|c 1987.
|
| 300 |
|
|
|a xiii, 269 pages, 16 unnumbered pages of plates :
|b illustrations, music ;
|c 23 cm.
|
| 336 |
|
|
|a text
|b txt
|2 rdacontent
|
| 337 |
|
|
|a unmediated
|b n
|2 rdamedia
|
| 338 |
|
|
|a volume
|b nc
|2 rdacarrier
|
| 490 |
1 |
|
|a Composers of North America ;
|v no. 5
|
| 504 |
|
|
|a Discography: pages [207]-221.
|
| 504 |
|
|
|a Bibliography: pages [237]-254.
|
| 500 |
|
|
|a Includes indexes.
|
| 500 |
|
|
|a Errata slip inserted.
|
| 600 |
1 |
0 |
|a Warren, Elinor Remick,
|d 1900-1991.
|
| 650 |
|
0 |
|a Composers
|z United States
|v Biography.
|
| 830 |
|
0 |
|a Composers of North America ;
|v no. 5.
|
| 999 |
|
|
|a MARS
|
| 999 |
f |
f |
|s 54b03dac-7d27-3e34-886f-5bafec34ce81
|i 92ae44b9-4de1-347c-975d-63618a4eade4
|t 0
|
| 952 |
f |
f |
|p ric
|a Texas A&M University
|b Rellis Campus
|c Joint Library Facility
|d Remote Storage
|t 0
|e ML410.W2958 B7 1987
|h Library of Congress classification
|i unmediated -- volume
|m A14811089810
|
| 998 |
f |
f |
|a ML410.W2958 B7 1987
|t 0
|l Remote Storage
|